Directory of Texas foundations.

Bibliographic Details
New Title:Hooper directory of Texas foundations, (OCoLC)10246687
Format: Serial
Language:English
Published: Austin : Texas Foundations Research Center, 1975-1982.
Subjects:

MARC

Tag First Indicator Second Indicator Subfields
LEADER 00000cas a2200000 4500
001 in00000096631
005 20190207093502.0
008 790510d19751982txuuu r 0uuua0eng d
035 |a (OCoLC)04947326 
035 |9 AAK8762AM 
040 |a IKM  |c IKM  |d TXA  |d UtOrBLW 
043 |a n-us-tx 
049 |a TXAE [Also in] [Sp] [Coll] 
090 |a HV98.T5 
092 |a 361.76  |b D628 
245 0 0 |a Directory of Texas foundations. 
246 1 0 |a Texas foundations 
246 3 0 |a Hooper directory of Texas foundations 
264 1 |a Austin :  |b Texas Foundations Research Center, 1975-1982. 
300 |a volumes ;  |c 28 cm. 
336 |a text  |b txt  |2 rdacontent 
337 |a unmediated  |b n  |2 rdamedia 
338 |a volume  |b nc  |2 rdacarrier 
362 0 |a 1975-1982. 
500 |a The Cushing Library/Chapman Texas Collection copy is part of the Floyd & Louise Chapman Texas & Borderlands Collection.  |5 TXA 
650 0 |a Endowments  |z Texas  |x Directories. 
785 0 0 |t Hooper directory of Texas foundations, (OCoLC)10246687 
948 |a t1 
999 |a MARS 
999 f f |s 13273366-4fba-3204-8a95-26e80c386413  |i c4e68a61-8d30-33b8-889b-7052cdb3a19f  |t 0 
952 f f |p noncirc  |a Texas A&M University  |b College Station  |c Cushing Memorial Library & Archives  |d Cushing: Chapman Texas Collection (Does not check out)  |t 0  |e HV98 .T5  |h Library of Congress classification  |i unmediated -- volume 
998 f f |a HV98 .T5  |s 1976  |t 0  |l Cushing: Chapman Texas Collection (Does not check out)